000 00348nam a2200169Ia 4500
100 _aSen/Leena
650 _aCommunication Skill
942 _cBK
366 _f25
654 _acommunication
245 _aCommunication Skills
260 _bprentice hall
_c2009
082 _a371.2
_bSEN
300 _a277
546 _aENGLISH
999 _c21718
_d21718